عرض عادي عرض مارك
  • Oxford University Press.

مدخل إسم هيئة

عدد التسجيلات المستخدمة في: 7

001 - رقم الضبط

  • حقل الضبط: 6806

003 - معرف رقم الضبط

  • حقل الضبط: OSt

005 - تاريخ ووقت أخر عملية

  • حقل الضبط: 20111203113331.0

008 - عناصر بيانات ثابتة الطول

  • حقل تحكم ثابت الطول: 111203|||a|||||| | ||| d

040 ## - مصدر الفهرسة

  • هيئة الفهرسة الأصلية: OSt
  • وكالة الكتابة: OSt

110 ## - مدخل -- أسم شخص

  • اسم الهيئه او اسم السلطه كعنصر مدخل: Oxford University Press.

670 ## - بيانات المصدر موجوده

  • الاستشهاد بالمصدر: Work cat.: (OSt)0: Oxford dictionary of word origins /, c2010.